Palloni d'Oro del Milan - Statistics

Statistiche generali
  • Questo quiz è stato fatto 185 volte
    153 dall'ultimo reset
  • Il punteggio medio è 7 su 7
Statistiche sulle risposte
Edizione Nazione Calciatore % Corretto
1988 Paesi Bassi Marco van Basten
98%
1989 Paesi Bassi Marco van Basten
98%
1992 Paesi Bassi Marco van Basten
98%
2007 Brasile Kaká
97%
2004 Ucraina Andrij Ševčenko
95%
1987 Paesi Bassi Ruud Gullit
95%
1969 Italia Gianni Rivera
80%
Nessun quiz corrispondente trovato
Distribuzione punteggi
Percentuale di utenti per punteggio
Percentile per numero di risposta
I tuoi punteggi nel tempo
Non hai fatto questo quiz dall'ultimo reset